| 000 | 00832nam a2200265 i 4500 | ||
|---|---|---|---|
| 001 | 66449 | ||
| 003 | ES-MaACL | ||
| 005 | 20240224063104.0 | ||
| 007 | t| | ||
| 008 | 980518s1997 sp ||||0| spa d | ||
| 020 | _a84-8136-054-6 | ||
| 040 |
_aM-BN _bspa _cM-BN |
||
| 080 | _a327(569.4)"1973/..." | ||
| 100 | 0 |
_aSaid, Edward W., _d1935-2003 _9101485 |
|
| 245 | 1 | 0 |
_aPalestina : paz sin territorios / _cEdward W. Said ; traducción de Javier Barreda y Francisco Rodríguez. |
| 250 | _a1ª ed. | ||
| 260 |
_aTafalla : _bTxalaparta, _c1997. |
||
| 300 |
_a177 p ; _c22 cm. |
||
| 650 | 1 | 4 |
_aConflicto árabe-israelí. _911266 |
| 700 | 1 |
_aBarreda, Javier. _925881 |
|
| 700 | 1 |
_aRodríguez Sierra, Francisco. _998824 |
|
| 852 |
_aES-MaACL _jL-26898 _bR.132575 |
||
| 999 |
_c66449 _d66449 |
||